000
00277nam a2200109Ia 4500
008
200302s9999 xx 000 0 und d
100
_a
Jean Louis Cohen
245
_a
Le Corbusier An Atlas of Modern Landscapes
260
_b
Thomes & Hudson.com
260
_c
2013
300
_a
401
999
_c
3388
_d
3388